Vainqueurs de la Coupe Intertoto - Mort subite - Statistiques

Statistiques générales
  • Ce quiz a été pris 198 fois
  • Le résultat moyen est 4 sur 20
Answers on the Grid
Answers color-coded by a green-red scale on the quiz's grid according to % correct below.
RC Strasbourg
Girondins de Bordeaux
EA Guingamp
Olympique lyonnais
SC Bastia
AJ Auxerre
Juventus
West Ham United
Montpellier HSC
Bologne FC
VfB Stuttgart
ESTAC Troyes
Paris Saint-Germain
AC Pérouse Calcio
Aston Villa
RC Lens
Olympique de Marseille
Schalke 04
Villarreal CF
Newcastle United
AS Monaco
Real Madrid
FK Bodø/Glimt
Olympiakós
Ipswich Town
PSV
Inter Milan
Raków Częstochowa
Stade Lausanne Ouchy
Stade rennais
Dynamo Kiev
Beşiktaş JK
FC Porto
Bayern Munich
Celtic FC
RSC Anderlecht
 
Statistiques - réponses
Réponse % Correct
Paris Saint-Germain
38%
AJ Auxerre
32%
Olympique de Marseille
30%
ESTAC Troyes
28%
RC Lens
28%
Girondins de Bordeaux
27%
SC Bastia
27%
EA Guingamp
24%
Montpellier HSC
20%
Olympique lyonnais
20%
Juventus
17%
RC Strasbourg
17%
Villarreal CF
17%
Aston Villa
14%
Newcastle United
14%
Bologne FC
10%
Schalke 04
10%
VfB Stuttgart
10%
West Ham United
10%
AC Pérouse Calcio
4%
Aucun quiz correspondant
Distribution des résultats
% des personnes avec chaque résultat
Percentile par nombre de réponses
Votre historique - résultats
Vous n’avez pas pris ce quiz